01466nam a2200325Ia 450000500170000000800410001702000150005808200180007310000200009124500990011125000180021030000400022850001020026865000360037065000390040665000200044565000360046570000260050170000350052794200120056226400300057433600270060433700330063133800280066404000350069299900150072795201340074295201310087695201330100720220317000755.0160601s2004 sp g 000 0 spa  a842533889104a658.314bG67d1 aGostick, Adrian10aDemostradobla zanahoria funcionacAdrian Gostick, Chester Elton ; traducción de Esther Roig a1a. edición a126 páginasbilustracionesc23 cm aSubtítulo en la portada: Una historia sobre cómo un lider puede estimular el potencial humano142LEMBaMotivación del empleado142LEMBaAdministración de personal142LEMBaLiderazgo142LEMBaProductividad del trabajo1 aChester, Elton9543341 aRoig, Estheretraductor954335 2ddccBK aBarcelonabGrijalboc2004 atextobtxt2rdacontent asin mediaciónbn2rdamedia avolumenbnc2rdacarrier aCO-BoRNBPbspaerdacCO-BoRNBP c5016d5016 00102ddc40708GENaMEMAPIRIbMEMAPIRIcGENd2024-01-05l0o658.314 G67dpMAP0000803r2024-01-05 15:39:24tEj.1w2024-01-05yBK 00102ddc40708GENaMEURIBEbMEURIBEcGENd2024-08-09l0o658.314 G67d pURI00830r2024-08-09 11:40:53tEj.1w2024-08-09yBK 00102lcc40708GENaMEPCONCObMEPCONCOcGENd2026-02-19l0o658.314 G67dpPCON02172r2026-02-19 16:01:00tEj.1w2026-02-19yBK